| 000 | 00000nam##2200000za#4500 |
| 001 | 9.652263 |
| 003 | CaOODSP |
| 005 | 20241203113635 |
| 007 | ta |
| 008 | 150407|2011||||xxc||||| f|0| 0 eng|d |
| 020 | |a978-1-100-18283-4 |
| 040 | |aCaOODSP|beng |
| 043 | |an-cn--- |
| 086 | 1 |aEn14-37/2011E |
| 110 | 1 |aCanada. |bEnvironment Canada. |
| 245 | 10|aUrban BioKit - Halifax Regional Municipality |
| 260 | |aHalifax - Nova Scotia : |bEnvironment Canada |cc2011. |
| 300 | |a35p. : |bfigs., map, photographs ; |c14 cm. |
| 520 | 3 |aThe perfect tool for getting to know the remarkable biodiversity that defines this region. Rediscover a local park from a different perspective and diagnose its biodiversity. |
| 563 | |aSoftcover |
| 590 | |a11-51|b2011-12-30 |
| 690 | 07|aBiological diversity|2gcpds |
| 690 | 07|aUrban environment|2gcpds |
| 775 | 08|tBioTrousse Urbaine - Halifax Regional Municipality |w(CaOODSP)9.685240 |
| 776 | 0#|tUrban BioKit - Halifax Regional Municipality |w(CaOODSP)9.694428 |